Quizzes
Events
Quiz Creation
Community
Videos
Private Events
Remove Ads
Sign In
Join for FREE
Feedback
Dark Mode
Quiz Categories
Sports
Geography
Music
Movies
Television
Just For Fun
Miscellaneous
History
Literature
Language
Science
Gaming
Entertainment
Religion
Holiday
For Kids
Quiz Lab
Recent
Popular Today
Quiz Kudos Today
Editor Picks
Curator Picks
Quizzes by...
Day
Popularity
Type
Ratings
Length
Year
Community
Subscriptions
Recent Discussions
Orange Saloon
Badges
Playlists
Quests
Create
Leaderboards
Showdown
Live 5
Trivia Bingo
Activity
Puzzle Library
Sporcle Events
Private Events
Virtual Trivia
Globe League
Become a Host
Pub Owners
SporcleCon
Opinionation
Our Games
Videos
Blog
Mobile Apps
Partnerships
Remove Ads and Go Orange
Feedback
Television
TV Characters
TV Show
Sitcom
Network
Friends
Reality Shows
Cast
South Park
Star Trek
The Simpsons
Doctor Who
Television
TV Characters
TV Show
Sitcom
Network
Friends
Reality Shows
Cast
South Park
Star Trek
The Simpsons
Doctor Who
Random Quiz
Search Sporcle
×
Quiz Lab
Quiz Lab
Television
episode
Type in answers that appear in a list
Type in answers that appear in a list
Classic
Best Score? Go Orange.
Guess the MLP Episode (Involves Spoilers) Stats
Can you name the Guess the MLP Episode (Involves Spoilers)?
By
ididforher
10m
26 Questions
87 Plays
87 Plays
87 Plays
Comments
Comments
Give Quiz Kudos
Give Quiz Kudos
-
- Ratings
hide this ad
Replay
Link that replays current quiz
Next Quiz
Link to next quiz in quiz playlist
You Got
0%
They Got
Avg Score
53%
Avg Friend Score
Upgrade to see
Score Distribution
Jump to the score distribution portion of the page
Score
0/26
Timer
10:00
0
Plays Today
Hint
Answer
% Correct
This episode introduced Flurry Heart; Starlight reunites with her old friend Sunburst.
The Crystalling
92%
Eternal winter creeps more closer to the Crystal Empire.
The Crystalling
92%
Pinkie Pie plans on getting a gift for her sister Maud.
The Gift of the Maud Pie
77%
The Walking Dead only with ponies.
28 Pranks Later
67.8%
Starlight forms a new friendship with someone; Trixie.
No Second Prances
65.5%
Rainbow Dash finally becomes a full fledged Wknderbolt.
Newbie Dash
64.4%
A reenactment of Charles Dicken's A Christmas Carol.
A Hearth's Warming Tail
64.4%
Referencing Viva Las Vegas.
Viva Las Pegasus
64.4%
The CMC struggle on what's next after receiving their cutiemarks.
On Your Marks
63.2%
Applejack spends time with Rarity at the spa.
Applejack's 'Day' Off
63.2%
Fluttershy's free loading brother Zephyr Breeze.
Flutter Brutter
60.9%
Saffron Masala.
Spice Up Your Life
51.7%
Mario Kart style.
The Cart Before the Ponies
51.7%
Hint
Answer
% Correct
Applejack telling a hoard of lies.
Where the Apple Lies
49.4%
Changelings.
The Times They Are a Changeling
48.3%
Every Discord fangirls dream.
Dungeons & Discords
48.3%
The CMC helps out a griffon named Gabby get her very own cutiemark.
The Fault in Our Cutiemarks
46%
Top Gun reference.
Top Bolt
46%
Suicide Squad: The Good One.
To Where and Back Again
44.8%
Queen Chrysalis returns.
To Where and Back Again
44.8%
Daring Do III.
Stranger Than Fanfiction
43.7%
Starlight Glimmer trying to tackle several friendship problems at once.
Every Little Thing She Does
40.2%
Harry Potter Quiddich style but with ponies.
Buckball Season
32.2%
Spike participates in a dangerous mission.
Gaunlet of Fire
31%
Applejack, Rarity and Pinkie Pie share different views of their story after their boat trip didn't entirely went well.
PPOV (Pony Point of View)
25.3%
A mockery styled episode.
The Saddle Row Review
23%
Quiz Playlist
Details
Report
Send in Message
Add To Playlist
Classic:
Type in answers that appear in a list
Last Updated: Feb 16, 2017
Quiz Scoreboard
CHALLENGE
Sign Up to Join the Scoreboard
Show All
Scores
Hide
Comments
May contain spoilers
Recently Published
Popular People in 1961
by mucciniale
History
6m
1-10 Letter E Words III
by El_Dandy
Language
2m
One Thing in Common: World Cities II
by knightlancer
Geography
7m
More to Explore
Quiz From the Vault
Featured Blog Post
Where Did the Easter Bunny Come From?
hide this ad
You Might Also Like...
Tags
episode
Involve
Spoiler
Today's Top Quizzes in Television
Browse Television
hide this ad
Today's Top Quizzes in episode
Browse episode
Top Contributed Quizzes in Television
1
One Piece Logic Puzzle
2
Survivor Logic Puzzle: Heroes vs. Villains
3
Survivor Seasons
4
Survivor Season by Logo
5
Survivor Trivia
6
Survivor Logic Puzzle: Winners at War
7
Ultimate Survivor Logic Puzzle
8
Phoebe Buffay Quotes
9
Emmerdale Characters (from August 2012)
10
One Thing in Common: Television
Explore More
Trending Topics
Marvel
Disney
Kpop
Crossword
NBA
Harry Potter
Anime
WWE
Country
Puzzle
The Office
Pokémon
Soccer
Song
NFL
hide this ad
More By:
ididforher
Quiz
Plays
Rating
Category
Featured
Created
Know Your Fusion - Steven Universe
160
5.00
Television
Nov 2, 2016
List of Presidents
139
1.00
History
Nov 11, 2016
Cast of Steven Universe
133
Television
Nov 1, 2016
List of Vice Presidents
91
History
Nov 11, 2016
Guess the MLP Episode (Involves Spoilers)
87
1.00
Television
Nov 1, 2016
Go to Creator's Profile
Score Distribution
Quiz Creator Spotlight
ididforher
Follow
Send a Message
Quizzes Created
-
Created Quiz Play Count
-
More By This Creator
Popular Quizzes Today
1
Find the US States - No Outlines Minefield
2
The Countries of the World
3
Find the Countries of Europe - No Outlines Minefield
4
Popular People in 1961
5
1-10 Letter E Words III
6
Find the US States
7
One Thing in Common: World Cities II
8
US States
More Television Quizzes
The Office: Jim and Pam Start to Finish
Quiz Lab
Trending Quizzes
Risky Map Clicking: Least Populous States A-Z
1-10 Letter F Words
1-10 Letter G Words
One Thing in Common: United Kingdom
Risky Map Clicking: Next State Alphabetically
Recently Updated
Leaping Animals
pecheneg
Reality TV Shows (A-Z)
bhenderson79
Rickey Henderson's Hall of Fame Teammates
pecheneg
Champions League XIs: Arsenal
pecheneg
Quick Pick: Celebrities in WWE's Hall of Fame
aduchscher
A-Z Keypad Blitz II
pecheneg
Multiple Oscar Actors
pecheneg
Mystery Phrase Blitz: Oscar 'Best Actors'
pecheneg
F. Scott Fitzgerald Novels
LTH
Pick 3 Villains
ddd62291
Trending Topics
Crossword
Anime
Marvel
Harry Potter
Kpop
Disney
NBA
NFL
WWE
The Office
Country
Puzzle
Soccer
Song
Pokémon
Your Account Isn't Verified!
In order to create a playlist on Sporcle, you need to verify the email address you used during registration. Go to your
Sporcle Settings
to finish the process.
Report this User
Report this user for behavior that violates our
Community Guidelines
.
Details:
Send Report
Go to the Sporcle.com Mobile Site →
Comments